=LDR 00000nam 2200000 4500 =001 INLIS000000000015906 =005 20130612111200 =008 ***********************************Ind** =035 ##$$0010-061300000015906 =041 ##$$a Ind =082 ##$$a 372.6 =090 ##$$a 372.6, Qom b =100 ##$$a Qomarudin =245 ##$$a Bahasa Indonesia 3C pendidikan dasar 9 tahun untuk SD kelas 3 catur wulan II sesuai dengan kurikulum 1994, Drs. Qomarudin ; Rujuianto =260 ##$$a 1997 $b Surakarta =300 ##$$a VI-64 hlm., eks, 28 cm =650 ##$$a Pendidikan dasar - bhs =650 ##$$a Indonesia =700 ##$$a Rujianto =850 ##$$a NBPNMAT